| 000 | 00695nam a2200181 a 4500 | ||
|---|---|---|---|
| 005 | 20140311163029.0 | ||
| 008 | 100329s19uu xx 00 eng d | ||
| 020 | _a139781433804359 | ||
| 050 |
_aHD 58.82 _b.Ac327 2009 |
||
| 245 |
_aAction learning for developing leaders and organizations : _bprinciples, strategies, and cases / _cMichael J. Marquardt, H. Skipton Leonard, Arthur M. Freedman, and Claudia C. Hill. |
||
| 260 |
_aWashington DC : _bAmerican Psychological Association, _c2009. |
||
| 300 |
_a313 p. : _bill. ; _c27 cm. |
||
| 521 | _aBSBA | ||
| 650 |
_aOrganizational learning _xCase studies. |
||
| 650 |
_aActive learning _xCase studies. |
||
| 942 |
_cBK _2lcc _kFOR |
||
| 999 |
_c39610 _d39610 |
||